MARC details
| 000 -LEADER |
| fixed length control field |
01242cam a2200325 4500 |
| 001 - CONTROL NUMBER |
| control field |
4604550 |
| 003 - CONTROL NUMBER IDENTIFIER |
| control field |
OSt |
| 005 - DATE AND TIME OF LATEST TRANSACTION |
| control field |
20230704101638.0 |
| 008 - FIXED-LENGTH DATA ELEMENTS--GENERAL INFORMATION |
| fixed length control field |
690519s1969 enk b 101 0 eng |
| 010 ## - LIBRARY OF CONGRESS CONTROL NUMBER |
| LC control number |
76385702 |
| 015 ## - NATIONAL BIBLIOGRAPHY NUMBER |
| National bibliography number |
B*** |
| 040 ## - CATALOGING SOURCE |
| Original cataloging agency |
DLC |
| Transcribing agency |
DLC |
| Modifying agency |
DLC |
| 041 0# - LANGUAGE CODE |
| Language code of text/sound track or separate title |
eng |
| -- |
fre |
| 043 ## - GEOGRAPHIC AREA CODE |
| Geographic area code |
f------ |
| 082 00 - DEWEY DECIMAL CLASSIFICATION NUMBER |
| Classification number |
340.52 |
| Item number |
GLU |
| 111 2# - MAIN ENTRY--MEETING NAME |
| Meeting name or jurisdiction name as entry element |
International African Seminar, |
| Number of part/section/meeting |
8th, |
| Location of meeting |
Haile Sellassie I University, |
| Date of meeting |
1966. |
| 245 10 - TITLE STATEMENT |
| Title |
Ideas and procedures in African customary law : |
| Remainder of title |
studies presented and discussed at the Eighth International African Seminar at the Haile Sellassie I University, Addis Ababa, January 1966. |
| Statement of responsibility, etc. |
Edited by Max Gluckman, with an introduction by A. N. Allott, A. L. Epstein, and M. Gluckman. |
| 260 ## - PUBLICATION, DISTRIBUTION, ETC. (IMPRINT) |
| Place of publication, distribution, etc. |
London, |
| Name of publisher, distributor, etc. |
Published for the International African Institute by the Oxford U.P., |
| Date of publication, distribution, etc. |
1969. |
| 300 ## - PHYSICAL DESCRIPTION |
| Extent |
xiii, 361 p. |
| Dimensions |
23 cm. |
| 350 ## - PRICE (NR) (BK AM CF MU VM SE) [OBSOLETE] |
| Price |
55/- |
| 500 ## - GENERAL NOTE |
| General note |
English or French. |
| 504 ## - BIBLIOGRAPHY, ETC. NOTE |
| Bibliography, etc |
Includes bibliographies. |
| 650 #0 - SUBJECT ADDED ENTRY--TOPICAL TERM |
| Topical term or geographic name as entry element |
Customary law |
| Geographic subdivision |
Africa. |
| 700 1# - ADDED ENTRY--PERSONAL NAME |
| Personal name |
Gluckman, Max, |
| Dates associated with a name |
1911-1975, |
| Relator term |
ed. |
| 710 2# - ADDED ENTRY--CORPORATE NAME |
| Corporate name or jurisdiction name as entry element |
International African Institute. |
| 710 2# - ADDED ENTRY--CORPORATE NAME |
| Corporate name or jurisdiction name as entry element |
Haile Sellassie I University. |
| 906 ## - LOCAL DATA ELEMENT F, LDF (RLIN) |
| a |
7 |
| b |
cbc |
| c |
orignew |
| d |
u |
| e |
ncip |
| f |
19 |
| g |
y-gencatlg |
| 942 ## - ADDED ENTRY ELEMENTS (KOHA) |
| Source of classification or shelving scheme |
Dewey Decimal Classification |
| Koha item type |
Books |